Evolution of plants (Record no. 1208878)

MARC details
000 -LEADER
fixed length control field 01064nam a2200325Ia 4500
003 - CONTROL NUMBER IDENTIFIER
control field OSt
005 - DATE AND TIME OF LATEST TRANSACTION
control field 20221007121431.0
008 - FIXED-LENGTH DATA ELEMENTS--GENERAL INFORMATION
fixed length control field 221006b |||||||| |||| 00| 0 eng d
020 ## - INTERNATIONAL STANDARD BOOK NUMBER
International Standard Book Number 9780199292233 (pbk)
037 ## - SOURCE OF ACQUISITION
Terms of availability Textual
040 ## - CATALOGING SOURCE
Original cataloging agency BDL
Transcribing agency BDL
Language of cataloging eng
041 ## - LANGUAGE CODE
Source of code eng
Language code of text/sound track or separate title eng
100 ## - MAIN ENTRY--PERSONAL NAME
Personal name Willis K J
9 (RLIN) 710084
245 #0 - TITLE STATEMENT
Title Evolution of plants
Remainder of title McElwain J C
250 ## - EDITION STATEMENT
Edition statement 2
260 ## - PUBLICATION, DISTRIBUTION, ETC.
Place of publication, distribution, etc. Oxford
Name of publisher, distributor, etc. Oxford University Press
Date of publication, distribution, etc. 2014
300 ## - PHYSICAL DESCRIPTION
Extent ix, 398p. ill.
Dimensions cm.
500 ## - GENERAL NOTE
General note Bibliography 333-377p.; Glossary 378-384p.; Index 385-398p.
650 ## - SUBJECT ADDED ENTRY--TOPICAL TERM
Topical term or geographic name entry element First forests
9 (RLIN) 711919
650 ## - SUBJECT ADDED ENTRY--TOPICAL TERM
Topical term or geographic name entry element Flowering plant origins
9 (RLIN) 711920
650 ## - SUBJECT ADDED ENTRY--TOPICAL TERM
Topical term or geographic name entry element Mass extinctions
9 (RLIN) 711921
650 ## - SUBJECT ADDED ENTRY--TOPICAL TERM
Topical term or geographic name entry element Colonization of land
9 (RLIN) 711922
700 ## - ADDED ENTRY--PERSONAL NAME
Personal name McElwain J C
9 (RLIN) 710085
942 ## - ADDED ENTRY ELEMENTS (KOHA)
Classification part I:66, P2:Q4 Carb
Koha item type Textual
Source of classification or shelving scheme Colon Classification (CC)
Holdings
Withdrawn status Lost status Source of classification or shelving scheme Damaged status Not for loan Home library Current library Date acquired Source of acquisition Total Checkouts Full call number Barcode Date last seen Price effective from Koha item type
    Colon Classification (CC)     Department of Botany Library Department of Botany Library 2022-10-07 1303, 10/03/2017, Dhanraj Book House   I:66 P2:Q4 Carb BD0005938 2022-10-07 2022-10-07 Textual
Copyright @ Delhi University Library System